Life Series Quiz - Statistics

General Stats
  • This quiz has been taken 264 times
  • The average score is 10 of 15
Answer Stats
Question Answer % Correct
Who had the Canary Curse? Solidarity
95%
Who were the ranchers in Double Life? Solidarity and TangoTek
92%
What was the twist of Simple Life? It was on a flat world
91%
What was the most recent full season? Wild Life
86%
The Boogeypocalypse was in which season? Secret Life
79%
Who was the first ever boogeyman in the life series? BdoubleO100
78%
What was Tango’s game in 3rd Life called? Dare to Flare
76%
Who lost all their lives in one session in 3rd Life? Bigbst4tz2
64%
Who was 3rd in Wild Life? Renthedog
62%
Who wore an MCC crown to show off their win? Renthedog
60%
Who Final Killed PearlescentMoon in Limited Life? Smajor1995
60%
What session did GoodTimesWithScar turn red in 3rd Life? Session 3
56%
What two teams caused the fight responsible for Grian’s final death in Real Life? Red Lives Club VS Dogwarts 2.0
52%
Who was the last green in Secret Life? ZombieCleo
33%
Who was the last yellow in Simple Life? GoodTimesWithScar
18%
No matching quizzes found
Score Distribution
Percent of People with Each Score
Percentile by Number Answered
Your Score History
You have not taken this quiz